<?xml version="1.0" encoding="UTF-8"?>
<collection xmlns="http://www.loc.gov/MARC21/slim">
 <record>
  <leader>01032nam a22002057a 4500</leader>
  <controlfield tag="001">NCT_48071</controlfield>
  <controlfield tag="008">180828b        xxu||||| |||| 00| 0 vie d</controlfield>
  <datafield tag="999" ind1=" " ind2=" ">
   <subfield code="c">2303</subfield>
   <subfield code="d">2303</subfield>
  </datafield>
  <datafield tag="020" ind1=" " ind2=" ">
   <subfield code="c">76000</subfield>
  </datafield>
  <datafield tag="082" ind1="0" ind2="4">
   <subfield code="2">23rd ed.</subfield>
   <subfield code="a">005.7</subfield>
   <subfield code="b">Kh106/T.1</subfield>
  </datafield>
  <datafield tag="100" ind1="1" ind2=" ">
   <subfield code="a">Phạm Hữu Khang</subfield>
   <subfield code="e">Chủ biên</subfield>
  </datafield>
  <datafield tag="245" ind1="1" ind2="0">
   <subfield code="a">Lập trình web bằng Php 5.3 &amp; cơ sở dữ liệu MySQL 5.1</subfield>
   <subfield code="n">Tập 1</subfield>
   <subfield code="c">Phạm Hữu Khanh (chủ biên) ; Phương Lan (hiệu đính)</subfield>
  </datafield>
  <datafield tag="260" ind1=" " ind2=" ">
   <subfield code="a">Cà Mau</subfield>
   <subfield code="b">Phương Đông</subfield>
   <subfield code="c">2011</subfield>
  </datafield>
  <datafield tag="300" ind1=" " ind2=" ">
   <subfield code="a">302 tr.</subfield>
   <subfield code="b">minh họa</subfield>
   <subfield code="c">24cm</subfield>
  </datafield>
  <datafield tag="653" ind1=" " ind2=" ">
   <subfield code="a">Công nghệ thông tin</subfield>
  </datafield>
  <datafield tag="700" ind1="1" ind2=" ">
   <subfield code="a">Phương Lan</subfield>
   <subfield code="e">Hiệu đính</subfield>
  </datafield>
  <datafield tag="942" ind1=" " ind2=" ">
   <subfield code="2">ddc</subfield>
   <subfield code="c">BK</subfield>
  </datafield>
  <datafield tag="952" ind1=" " ind2=" ">
   <subfield code="0">0</subfield>
   <subfield code="1">0</subfield>
   <subfield code="2">ddc</subfield>
   <subfield code="4">0</subfield>
   <subfield code="6">005_700000000000000_KH106_T_1</subfield>
   <subfield code="7">0</subfield>
   <subfield code="9">13297</subfield>
   <subfield code="a">000001</subfield>
   <subfield code="b">000001</subfield>
   <subfield code="d">2018-08-28</subfield>
   <subfield code="o">005.7 Kh106/T.1</subfield>
   <subfield code="p">MD.05243</subfield>
   <subfield code="r">2018-08-28</subfield>
   <subfield code="v">76000.00</subfield>
   <subfield code="w">2018-08-28</subfield>
   <subfield code="y">BK</subfield>
  </datafield>
  <datafield tag="952" ind1=" " ind2=" ">
   <subfield code="0">0</subfield>
   <subfield code="1">0</subfield>
   <subfield code="2">ddc</subfield>
   <subfield code="4">0</subfield>
   <subfield code="6">005_700000000000000_KH106_T_1</subfield>
   <subfield code="7">0</subfield>
   <subfield code="9">13298</subfield>
   <subfield code="a">000001</subfield>
   <subfield code="b">000001</subfield>
   <subfield code="d">2018-08-28</subfield>
   <subfield code="o">005.7 Kh106/T.1</subfield>
   <subfield code="p">MD.05373</subfield>
   <subfield code="r">2018-08-28</subfield>
   <subfield code="v">76000.00</subfield>
   <subfield code="w">2018-08-28</subfield>
   <subfield code="y">BK</subfield>
  </datafield>
  <datafield tag="980" ind1=" " ind2=" ">
   <subfield code="a">Thư viện Trường Đại học Nam Cần Thơ</subfield>
  </datafield>
 </record>
</collection>
